The Only Remaining English County ... - Statistics

General Stats
  • This quiz has been taken 15 times
  • The average score is 15 of 48
Answer Stats
The only remaining county ... Answer % Correct
with a population of over 5 million Greater London
82%
that borders the Atlantic Ocean Cornwall
73%
with two separate coastlines Devon
73%
that contains a school which educated over 1/3 of UK Prime Ministers Berkshire
64%
that is an island Isle of Wight
64%
that borders Scotland Northumberland
64%
home to one of the top three universities in the world Oxfordshire
64%
home to 2 National Parks North Yorkshire
55%
where dry land sits below sea level Cambridgeshire
45%
completely surrounded by one other county City of London
45%
with mountains that reach over 900m above sea level Cumbria
45%
covered by 27 parliamentary constituencies Greater Manchester
45%
that hosts the Grand National Merseyside
45%
home to the Broads National Park Norfolk
45%
covered by just one parliamentary constituency Rutland
45%
whose population is at least 30% ethnic minorities West Midlands
45%
with a population density of over 10,000 people per square mile Bristol
36%
that boasts a Natural UNESCO World Heritage Site Dorset
36%
that borders Wales Shropshire
36%
that contains the UK's easternmost point on land Suffolk
36%
known for declaring election results first Tyne and Wear
36%
home to the Chiltern Hills Buckinghamshire
27%
bordering the English Channel East Sussex
27%
home to over 100 railway stations Kent
27%
that borders the Irish Sea Lancashire
27%
whose population is less than 1.5% ethnic minorities Somerset
27%
part of the East of England administrative region Bedfordshire
18%
which contains the point furthest from the sea (70 miles) Derbyshire
18%
that has over 900 kilometres of coastline Essex
18%
that contains 3 cities Hampshire
18%
home to 4 New Towns Hertfordshire
18%
that contains an extinct volcano Leicestershire
18%
part of the historic county of Humberside Lincolnshire
18%
home to the Peak District National Park South Yorkshire
18%
whose largest settlement was formed from the federation of 6 towns Staffordshire
18%
home to an international airport serving London West Sussex
18%
that is considered a metropolitan county West Yorkshire
18%
known for a 'Golden Triangle' Cheshire
9%
that is not a 'true' coastal county Gloucestershire
9%
has a population density of less than 250 people per square mile Herefordshire
9%
that has 16 letters in its name Northamptonshire
9%
that is landlocked Nottinghamshire
9%
with a male life expectancy of over 80 years Wiltshire
9%
associated with Border Morris folk dancing Worcestershire
9%
home to a village that averages 53 days of snowfall per year County Durham
0%
with an aging population East (Riding of) Yorkshire
0%
which is 22% forested Surrey
0%
without a city Warwickshire
0%
No matching quizzes found
Score Distribution
Percent of People with Each Score
Percentile by Number Answered
Your Score History
You have not taken this quiz